000 004140000a22001210004500
090 _aAS
_bSeriadas
245 1 0 _aAlgunas novedades en Asteraceas de Colombia
041 0 _aEspañol
700 1 _aMéndez Ramírez, Gina Paola
_999106
100 1 _aDíaz Piedrahita, Santiago
_995842
942 _cARTICULO
773 1 _tRevista de la Academia Colombiana de Ciencias Exactas, Fisicas y Naturales
_332
_h81
_q401-408
_d1997
_g21
999 _c14099
_d14099